How to read a film : the world of movies, media, and multimedia : language, history, theory /

Bibliographische Detailangaben
1. Verfasser: Monaco, James
Format: Buch
Sprache:English
Veröffentlicht: New York : Oxford University Press, 2000.
Ausgabe:3rd ed., completely rev. and expanded.
Schlagworte:
Classic Catalogue: View this record in Classic Catalogue
LEADER 01278nam a2200277 a 4500
001 0017171
003 BD-DhAAL
008 090701s2000 nyua b 001 0 eng d
010 |a \\\97001832  
020 |a 019513981X 
020 |a 019503869X (pbk.) 
040 |a DLC  |c DLC  |d DLC  |d BD-DhAAL 
082 0 0 |a 791.43015  |2 21 
100 1 |a Monaco, James.  |9 58321 
245 1 0 |a How to read a film :  |b the world of movies, media, and multimedia : language, history, theory /  |c James Monaco ; with diagrams by David Lindroth. 
250 |a 3rd ed., completely rev. and expanded. 
260 |a New York :  |b Oxford University Press,  |c 2000. 
300 |a 672 p. :  |b ill. ;  |c 24 cm 
504 |a Includes bibliographical references (p. [604]-643) and indexes. 
526 |a ENH  |x Prof. Syed Manzoorul Islam Faculty Member of BRAC University 
541 1 |e 00017171  |a Friends' Book Corner 
650 0 |a Motion pictures. 
852 4 |a Ayesha Abed Library  |c General Stacks 
942 |2 ddc  |c BK 
999 |c 1951  |d 1951 
952 |0 0  |1 0  |2 ddc  |4 0  |6 791_430150000000000_MON  |7 0  |9 1790  |a BRACUL  |b BRACUL  |c GEN  |d 2009-07-02  |e Friends' Book Corner  |g 1090.00  |l 15  |m 215  |o 791.43015 MON  |p 3010017171  |q 2026-06-02  |r 2025-10-09  |s 2025-10-09  |t 1  |w 2009-07-02  |y BK  |x Requisitioned by Prof. Syed Manzoorul Islam (Faculty Member of BRAC University).